000 01026cam a2200205 4500
001 X115076
008 011011n2001 000 0 eng u
035 _a(Sirsi) u115076
245 _aNotting Hill Housing Trust v Brackley and another
260 _c2001
490 _aEstates Gazette
_v[2001] 18 EG 175 (CS)
520 _aCA 24 April 2001. Housing trust granting husband and wife joint tenancy - marriage breaking down - wife serving notice to quit purporting to end joint tenancy without husband's knowledge - trust seeking possession - whether notice to quit valid - whether periodic tenancy held upon trust with joint tenants as trustees and beneficiaries - whether wife acting in breach of trust - county court granting possession - appeal dismissed.
650 _aLAW OF PROPERTY ACT 1925 S26
650 _aNOTTING HILL HOUSING TRUST V BRACKLEY
650 _aNOTICE TO QUIT
650 _aJOINT TENANCIES
650 _aPOSSESSION
690 _aLANDLORD AND TENANT-RESIDENTIAL TENANCIES-CASE LAW
942 _n0
999 _c68551
_d68551